000 00663nam a2200229 a 4500
999 _c2791
_d2791
001 2791
003 BD-JhCC
005 20171106195012.0
008 171106s1373 bg |||| |||| 000 0 ben d
035 _a(BD-JhCC)2791
040 _aBD-JhCC
_dBD-JhCC
041 _aben
082 _a813.54
_bJAI 1373
100 _aজয়েনউদদীন, সরদার
245 _aঅনেক সূর্যের আশা /
_cসরদার জয়েনউদদীন.
260 _aচট্টগ্রাম :
_bবইঘর,
_c1373.
300 _a346 p. :
_c21 cm.
650 _aNovel
650 _aWorld War II
942 _2ddc
_cBK